[Event "Goch op 27th"]
[Site "Goch"]
[Date "2016.09.04"]
[Round "7"]
[White "Prang, Andreas"]
[Black "Van Foreest, Pieter"]
[Result "0-1"]
[WhiteElo "1898"]
[BlackElo "1685"]
[PlyCount "36"]
[EventDate "2016.09.01"]
[EventType "swiss"]
[EventRounds "7"]
[EventCountry "GER"]
[SourceTitle "EXT 2018"]
[Source "ChessBase"]
[SourceDate "2017.10.13"]
[SourceVersion "1"]
[SourceVersionDate "2017.10.13"]
[SourceQuality "1"]

1. Nf3 Nf6 2. c4 e6 3. Nc3 d5 4. d4 c6 5. e3 Nbd7 6. b3 Bd6 7. Bb2 0-0 8. Be2 Re8 9. 0-0 e5 10. cxd5 cxd5 11. Nb5 Bb8 12. dxe5 Nxe5 13. Nxe5 Bxe5 14. Bxe5 Rxe5 15. Qd4 Re4 16. Qc5 Bd7 17. Nxa7 b6 18. Qd6 Rxa7 0-1

[Event "Goch op 27th"]
[Site "Goch"]
[Date "2016.09.03"]
[Round "4"]
[White "Van Foreest, Pieter"]
[Black "Simon, Daniel1111"]
[Result "1-0"]
[WhiteElo "1685"]
[BlackElo "1482"]
[PlyCount "49"]
[EventDate "2016.09.01"]
[EventType "swiss"]
[EventRounds "7"]
[EventCountry "GER"]
[SourceTitle "EXT 2018"]
[Source "ChessBase"]
[SourceDate "2017.10.13"]
[SourceVersion "1"]
[SourceVersionDate "2017.10.13"]
[SourceQuality "1"]

1. e4 e5 2. Nf3 Nc6 3. Bc4 Bc5 4. c3 Nf6 5. d4 exd4 6. cxd4 Bb4+ 7. Nc3 d5 8. exd5 Nxd5 9. 0-0 Bxc3 10. bxc3 0-0 11. Bd3 Nf6 12. Bg5 Bg4 13. d5 Ne5 14. Re1 Nxf3+ 15. gxf3 Bh5 16. Re5 Bg6 17. f4 Qd6 18. c4 Ng4 19. Qxg4 Bxd3 20. Be7 Qb6 21. Bxf8 Rxf8 22. Rae1 Bxc4 23. Re8 Qb4 24. Rxf8+ Qxf8 25. Qd7 1-0

[Event "Goch op 27th"]
[Site "Goch"]
[Date "2016.09.02"]
[Round "2"]
[White "Van Foreest, Pieter"]
[Black "Leck, Gerrit"]
[Result "0-1"]
[WhiteElo "1685"]
[BlackElo "1910"]
[PlyCount "66"]
[EventDate "2016.09.01"]
[EventType "swiss"]
[EventRounds "7"]
[EventCountry "GER"]
[SourceTitle "EXT 2018"]
[Source "ChessBase"]
[SourceDate "2017.10.13"]
[SourceVersion "1"]
[SourceVersionDate "2017.10.13"]
[SourceQuality "1"]

1. e4 c5 2. Nf3 d6 3. d4 cxd4 4. c3 d3 5. Bxd3 Nf6 6. 0-0 e5 7. Bg5 Be7 8. Re1 Be6 9. Bb5+ Nc6 10. Qa4 Qc7 11. Na3 0-0 12. Nc2 a6 13. Bxc6 Qxc6 14. Qxc6 bxc6 15. Nb4 Rfc8 16. b3 a5 17. Nd3 Rcb8 18. c4 c5 19. Nb2 Kf8 20. Nd2 h6 21. Bh4 g5 22. Bg3 Nd7 23. Nb1 Rb7 24. Nc3 Nb8 25. Red1 Nc6 26. Nb5 Nd4 27. Nxd4 cxd4 28. c5 f6 29. c6 Rc7 30. Nd3 Rxc6 31. b4 Rc3 32. b5 Bc4 33. Rac1 Rxd3 0-1

[Event "Goch op 27th"]
[Site "Goch"]
[Date "2016.09.01"]
[Round "1"]
[White "Kaya Mortensen, Jan"]
[Black "Van Foreest, Pieter"]
[Result "1-0"]
[WhiteElo "2059"]
[BlackElo "1685"]
[PlyCount "53"]
[EventDate "2016.09.01"]
[EventType "swiss"]
[EventRounds "7"]
[EventCountry "GER"]
[SourceTitle "EXT 2018"]
[Source "ChessBase"]
[SourceDate "2017.10.13"]
[SourceVersion "1"]
[SourceVersionDate "2017.10.13"]
[SourceQuality "1"]

1. b3 d5 2. Bb2 Nc6 3. e3 Nf6 4. f4 Bf5 5. Nf3 e6 6. Bb5 a6 7. Bxc6+ bxc6 8. Ne5 Ne4 9. 0-0 Qh4 10. Nxc6 Rg8 11. d3 g5 12. dxe4 Bxe4 13. f5 d4 14. Qe1 Bxc6 15. exd4 Bd6 16. g3 Qh3 17. Qf2 h5 18. fxe6 f5 19. Ba3 Bf4 20. Re1 h4 21. Qf1 Qg4 22. d5 hxg3 23. h3 Qh4 24. dxc6 g2 25. Qf2 Bg3 26. Qxf5 Qd4+ 27. Kxg2 1-0

[Event "Groningen Combinatie op"]
[Site "Groningen"]
[Date "2016.05.08"]
[Round "6"]
[White "Van Foreest, Pieter"]
[Black "Balje, Jan"]
[Result "1/2-1/2"]
[WhiteElo "1630"]
[BlackElo "2207"]
[PlyCount "86"]
[EventDate "2016.05.05"]
[EventType "swiss"]
[EventRounds "7"]
[EventCountry "NED"]
[SourceTitle "CBM 172 Extra"]
[Source "ChessBase"]
[SourceDate "2016.06.21"]
[SourceVersion "1"]
[SourceVersionDate "2016.06.21"]
[SourceQuality "1"]

1. e4 c5 2. Nf3 e6 3. d4 cxd4 4. c3 Nf6 5. e5 Nd5 6. cxd4 d6 7. Bc4 Nc6 8. 0-0 Be7 9. Re1 0-0 10. Nc3 Nxc3 11. bxc3 dxe5 12. Nxe5 Nxe5 13. Rxe5 Qc7 14. Qd3 Bd6 15. Rh5 g6 16. Rh6 Bf4 17. Bxf4 Qxf4 18. Rh3 Bd7 19. Rf3 Qg5 20. Rg3 Qf6 21. Re1 Bc6 22. d5 exd5 23. Bxd5 Rfe8 24. Rd1 Bxd5 25. Qxd5 Rad8 26. Qb3 Rxd1+ 27. Qxd1 Qa6 28. Re3 Rxe3 29. Qd8+ Kg7 30. Qd4+ Kg8 31. Qd8+ Kg7 32. Qd4+ Kf8 33. fxe3 Qxa2 34. Qh8+ Ke7 35. Qe5+ Kf8 36. Qh8+ Ke7 37. Qe5+ Kd7 38. Qb5+ Kc7 39. Qc5+ Kd7 40. Qb5+ Kc8 41. Qc5+ Kb8 42. Qd6+ Kc8 43. Qc5+ Kd7 1/2-1/2

[Event "Heusenstamm Sparkassen op-A 2nd"]
[Site "Heusenstamm"]
[Date "2015.11.28"]
[Round "4"]
[White "Van Foreest, Pieter"]
[Black "Kube, Jens"]
[Result "0-1"]
[WhiteElo "1661"]
[BlackElo "1890"]
[PlyCount "100"]
[EventDate "2015.11.26"]
[EventType "swiss"]
[EventRounds "7"]
[EventCountry "GER"]
[SourceTitle "EXT 2018"]
[Source "ChessBase"]
[SourceDate "2017.10.13"]
[SourceVersion "1"]
[SourceVersionDate "2017.10.13"]
[SourceQuality "1"]

1. e4 c5 2. Nf3 g6 3. d4 cxd4 4. Qxd4 Nf6 5. e5 Nc6 6. Qc3 Nd5 7. Qb3 Nb6 8. Na3 Bg7 9. Ng5 0-0 10. Qh3 h6 11. Nf3 h5 12. Qh4 Nxe5 13. Nxe5 Bxe5 14. g4 Bf6 15. Qg3 Na4 16. Bb5 h4 17. Qb3 Nc5 18. Qe3 d6 19. Qh6 e5 20. g5 Bg7 21. Qxh4 Ne6 22. Qg3 Bd7 23. h4 Nf4 24. Be2 Nxe2 25. Kxe2 Bf5 26. h5 gxh5 27. Rxh5 Bg6 28. Rh4 Qb6 29. Qh2 Rfc8 30. Be3 Qxb2 31. Rh1 Kf8 32. Rb1 Qxa3 33. Rh8+ Ke7 34. Rxb7+ Ke6 35. Qh3+ Bf5 36. Rh6+ Bxh6 37. Qxh6+ Kd5 38. Qh1+ Be4 39. Rb5+ Rc5 40. Bxc5 dxc5 41. Qd1+ Kc6 42. Rb3 Qxa2 43. Rc3 Qa5 44. Re3 Rd8 45. Qb1 Qd2+ 46. Kf1 Qd1+ 47. Qxd1 Rxd1+ 48. Ke2 Rd4 49. c3 Ra4 50. f3 Kd5 0-1

[Event "Heusenstamm Sparkassen op-A 2nd"]
[Site "Heusenstamm"]
[Date "2015.11.27"]
[Round "3"]
[White "Saluvar, Buelent"]
[Black "Van Foreest, Pieter"]
[Result "0-1"]
[WhiteElo "1799"]
[BlackElo "1661"]
[PlyCount "92"]
[EventDate "2015.11.26"]
[EventType "swiss"]
[EventRounds "7"]
[EventCountry "GER"]
[SourceTitle "EXT 2018"]
[Source "ChessBase"]
[SourceDate "2017.10.13"]
[SourceVersion "1"]
[SourceVersionDate "2017.10.13"]
[SourceQuality "1"]

1. d4 d5 2. c4 c6 3. Nf3 Nf6 4. e3 e6 5. Bd3 Bd6 6. 0-0 Nbd7 7. c5 Be7 8. b4 b6 9. Nbd2 Qc7 10. Bb2 Rb8 11. Qc2 bxc5 12. dxc5 Rxb4 13. e4 Nxc5 14. Ba3 Nxd3 15. Qxd3 dxe4 16. Qc3 exf3 17. Bxb4 Nd5 18. Qxg7 Bf6 19. Qh6 Bxa1 20. Rxa1 Nxb4 21. Qf6 Rg8 22. Nxf3 Nd5 23. Qh4 Qf4 24. Qxf4 Nxf4 25. g3 Bb7 26. Rb1 Nh3+ 27. Kg2 Nf4+ 28. Kh1 Bc8 29. gxf4 f6 30. Nd4 c5 31. Nc6 Kd7 32. Nxa7 Ba6 33. h3 c4 34. Rb6 Bc8 35. Nxc8 Rxc8 36. Rb2 c3 37. Rc2 Kd6 38. Kg2 Kd5 39. Kf3 Kd4 40. Ke2 f5 41. Rc1 Rc5 42. a4 e5 43. Rd1+ Kc4 44. Ra1 c2 45. Kd2 Kb3 46. a5 Kb2 0-1

[Event "Goch op 26th"]
[Site "Goch"]
[Date "2015.09.05"]
[Round "4"]
[White "Van Foreest, Pieter"]
[Black "Leck, Gerrit"]
[Result "0-1"]
[WhiteElo "1629"]
[BlackElo "1836"]
[PlyCount "47"]
[EventDate "2015.09.03"]
[EventType "swiss"]
[EventRounds "7"]
[EventCountry "GER"]
[SourceTitle "EXT 2018"]
[Source "ChessBase"]
[SourceDate "2017.10.13"]
[SourceVersion "1"]
[SourceVersionDate "2017.10.13"]
[SourceQuality "1"]

1. e4 c5 2. Nf3 d6 3. d4 cxd4 4. Nxd4 Nf6 5. Nc3 a6 6. Be3 Ng4 7. Bc1 Nf6 8. Be3 e6 9. f3 b5 10. a4 bxa4 11. Rxa4 Bb7 12. Be2 Nbd7 13. Qa1 Qc8 14. 0-0 Nb6 15. Rb4 Nfd7 16. Nxe6 fxe6 17. Bxb6 Nxb6 18. Kh1 Qc5 19. Rb3 Be7 20. Na4 Nxa4 21. Rxb7 Qc6 22. Rb4 Nc5 23. b3 Bf6 24. Qd1 0-1

[Event "Goch op 26th"]
[Site "Goch"]
[Date "2015.09.04"]
[Round "2"]
[White "Van Foreest, Pieter"]
[Black "Paschmann, Stefan"]
[Result "0-1"]
[WhiteElo "1629"]
[BlackElo "1872"]
[PlyCount "58"]
[EventDate "2015.09.03"]
[EventType "swiss"]
[EventRounds "7"]
[EventCountry "GER"]
[SourceTitle "EXT 2018"]
[Source "ChessBase"]
[SourceDate "2017.10.13"]
[SourceVersion "1"]
[SourceVersionDate "2017.10.13"]
[SourceQuality "1"]

1. e4 c6 2. d4 d5 3. Nc3 dxe4 4. Nxe4 Bf5 5. Ng3 Bg6 6. Bc4 e6 7. Nf3 Nd7 8. 0-0 Be7 9. Re1 Ngf6 10. Qe2 Nd5 11. Bb3 0-0 12. c4 N5b6 13. d5 Bb4 14. dxe6 Re8 15. Bg5 Qc7 16. e7 Bxe1 17. Rxe1 Nc5 18. Bc2 Bxc2 19. Qxc2 Ne6 20. Qf5 Nxc4 21. Rxe6 Nd6 22. Rxd6 Qxd6 23. h3 f6 24. Ne4 Qxe7 25. Nxf6+ gxf6 26. Bxf6 Qe4 27. Qg5+ Qg6 28. Qf4 Re6 29. Bc3 Rf8 0-1

[Event "Maastricht Limburg op-B 9th"]
[Site "Maastricht"]
[Date "2015.05.24"]
[Round "4"]
[White "Van Foreest, Pieter"]
[Black "Mienis, Dennis"]
[Result "0-1"]
[WhiteElo "1825"]
[BlackElo "1880"]
[PlyCount "70"]
[EventDate "2015.05.22"]
[EventType "swiss"]
[EventRounds "7"]
[EventCountry "NED"]
[SourceTitle "EXT 2016"]
[Source "ChessBase"]
[SourceDate "2015.10.08"]
[SourceVersion "1"]
[SourceVersionDate "2015.10.08"]
[SourceQuality "1"]

1. e4 c6 2. d4 d5 3. Nc3 dxe4 4. Nxe4 Bf5 5. Ng3 Bg6 6. Nf3 Nd7 7. Bc4 e6 8. 0-0 Ngf6 9. Re1 Be7 10. Bf4 0-0 11. Qd2 Nd5 12. Bxd5 cxd5 13. Rac1 Rc8 14. Ne5 Nxe5 15. Bxe5 Bg5 16. Bf4 Bxf4 17. Qxf4 Rxc2 18. Rxc2 Bxc2 19. Rc1 Bd3 20. h3 Qa5 21. a3 Qb6 22. b4 a5 23. bxa5 Qxa5 24. Rc7 b5 25. Qe5 g6 26. h4 Qxa3 27. h5 Bc4 28. hxg6 Qc1+ 29. Kh2 Qh6+ 30. Kg1 hxg6 31. Qf6 b4 32. f4 b3 33. Rb7 Qg7 34. Qh4 Qxd4+ 35. Kh2 Qh8 0-1

[Event "Maastricht Limburg op-B 9th"]
[Site "Maastricht"]
[Date "2015.05.23"]
[Round "3"]
[White "Boom, Harrie"]
[Black "Van Foreest, Pieter"]
[Result "1-0"]
[WhiteElo "1780"]
[BlackElo "1825"]
[PlyCount "111"]
[EventDate "2015.05.22"]
[EventType "swiss"]
[EventRounds "7"]
[EventCountry "NED"]
[SourceTitle "EXT 2016"]
[Source "ChessBase"]
[SourceDate "2015.10.08"]
[SourceVersion "1"]
[SourceVersionDate "2015.10.08"]
[SourceQuality "1"]

1. e4 e5 2. Nf3 Nc6 3. Bb5 a6 4. Ba4 Nf6 5. 0-0 Nxe4 6. d4 b5 7. Bb3 d5 8. dxe5 Be6 9. c3 Bc5 10. Nbd2 Nxd2 11. Bxd2 h6 12. Qe2 0-0 13. Bc2 f5 14. Be3 Bxe3 15. Qxe3 f4 16. Qe2 g5 17. Nd4 Nxd4 18. cxd4 g4 19. f3 g3 20. h3 Qh4 21. Rfc1 Rac8 22. Bd3 Qe7 23. Rc6 Bd7 24. Rxh6 Bf5 25. Bxf5 Rxf5 26. Rc1 c5 27. Qd3 Rg5 28. Rf6 c4 29. Qd2 b4 30. Rxf4 a5 31. Rf6 Rg7 32. Rd6 Rd8 33. Rxd8+ Qxd8 34. a3 Qb6 35. axb4 axb4 36. Ra1 Ra7 37. Rxa7 Qxa7 38. Kf1 Qa5 39. f4 c3 40. Qc1 Qb5+ 41. Ke1 Qd3 42. bxc3 bxc3 43. f5 Qe4+ 44. Kd1 Qxd4+ 45. Kc2 Qe4+ 46. Kxc3 Qxe5+ 47. Kd2 Qxf5 48. Qe1 Qf4+ 49. Qe3 Qb4+ 50. Ke2 Qd6 51. Kf3 d4 52. Qg5+ Kh8 53. Qh4+ Kg7 54. Qxg3+ Qxg3+ 55. Kxg3 Kf6 56. Kf4 1-0

[Event "Maastricht Limburg op-B 9th"]
[Site "Maastricht"]
[Date "2015.05.23"]
[Round "2"]
[White "Van Foreest, Pieter"]
[Black "Van den Berg, Jaap"]
[Result "0-1"]
[WhiteElo "1825"]
[BlackElo "1858"]
[PlyCount "62"]
[EventDate "2015.05.22"]
[EventType "swiss"]
[EventRounds "7"]
[EventCountry "NED"]
[SourceTitle "EXT 2016"]
[Source "ChessBase"]
[SourceDate "2015.10.08"]
[SourceVersion "1"]
[SourceVersionDate "2015.10.08"]
[SourceQuality "1"]

1. e4 c5 2. Nf3 Nc6 3. d4 cxd4 4. Nxd4 Nf6 5. Nc3 a6 6. Be3 e6 7. f3 Be7 8. Qd2 0-0 9. Be2 Qc7 10. g4 b5 11. g5 Ne8 12. f4 b4 13. Nd1 f5 14. exf5 exf5 15. Bc4+ Kh8 16. Nxc6 dxc6 17. h4 Nd6 18. Bb3 Ne4 19. Qg2 c5 20. Bc4 Bb7 21. Qg1 Nd6 22. Be6 Bxh1 23. Qxh1 Ne4 24. h5 Bxg5 25. fxg5 Qg3+ 26. Kf1 Qg4 27. Nf2 Nxf2 28. Kxf2 Rae8 29. Rg1 Qe4 30. g6 Qxe6 31. Qh3 f4 0-1

[Event "Lille Luce op 6th"]
[Site "Lille"]
[Date "2015.05.06"]
[Round "3"]
[White "Valles, Manuel"]
[Black "Van Foreest, Pieter"]
[Result "1-0"]
[WhiteElo "2354"]
[BlackElo "1825"]
[PlyCount "29"]
[EventDate "2015.05.04"]
[EventType "swiss"]
[EventRounds "9"]
[EventCountry "FRA"]
[SourceTitle "EXT 2017"]
[Source "ChessBase"]
[SourceDate "2016.10.25"]
[SourceVersion "1"]
[SourceVersionDate "2016.10.25"]
[SourceQuality "1"]

1. Nf3 d5 2. c4 d4 3. d3 c5 4. b4 Nc6 5. b5 Nb8 6. e3 a6 7. Na3 axb5 8. Nxb5 Nc6 9. g3 g6 10. exd4 Bg7 11. Bf4 Nxd4 12. Nfxd4 Bxd4 13. Nc7+ Kf8 14. Nxa8 Bxa1 15. Qxa1 1-0

[Event "NED-ch U11"]
[Site "Waalwijk"]
[Date "2012.04.07"]
[Round "7"]
[White "Dijkhuis, Oele"]
[Black "Van Foreest, Pieter"]
[Result "1-0"]
[WhiteElo "991"]
[BlackElo "1147"]
[PlyCount "47"]
[EventDate "2012.04.06"]
[EventType "swiss"]
[EventRounds "9"]
[EventCountry "NED"]
[SourceTitle "EXT 2013"]
[Source "ChessBase"]
[SourceDate "2012.11.22"]
[SourceVersion "1"]
[SourceVersionDate "2012.11.22"]
[SourceQuality "1"]

1. e4 e5 2. Nf3 Nc6 3. d4 exd4 4. Nxd4 Qh4 5. Nc3 Bb4 6. Qd3 Nxd4 7. Qxd4 Bxc3+ 8. bxc3 Qf6 9. Be3 d6 10. Bd3 c5 11. Bb5+ Bd7 12. Bxd7+ Kxd7 13. Qa4+ Ke7 14. Qb3 b6 15. 0-0 Qe6 16. Rfe1 c4 17. Qb4 Nf6 18. e5 Nd5 19. exd6+ Kd7 20. Qb5+ Kc8 21. Qc6+ Kb8 22. Bf4 Qf5 23. Bg3 Nf4 24. Qc7# 1-0

[Event "NED-ch U11"]
[Site "Waalwijk"]
[Date "2012.04.07"]
[Round "8"]
[White "Van Foreest, Pieter"]
[Black "Nies, Levi"]
[Result "1-0"]
[WhiteElo "1147"]
[BlackElo "991"]
[PlyCount "103"]
[EventDate "2012.04.06"]
[EventType "swiss"]
[EventRounds "9"]
[EventCountry "NED"]
[SourceTitle "EXT 2013"]
[Source "ChessBase"]
[SourceDate "2012.11.22"]
[SourceVersion "1"]
[SourceVersionDate "2012.11.22"]
[SourceQuality "1"]

1. e4 e5 2. Nf3 Nc6 3. Bc4 Bc5 4. c3 Nf6 5. d4 exd4 6. cxd4 Bb4+ 7. Bd2 Nxe4 8. Bxb4 Nxb4 9. Bxf7+ Kxf7 10. Qb3+ d5 11. Qxb4 Re8 12. Ne5+ Kg8 13. 0-0 a5 14. Qb3 Be6 15. Qxb7 Rb8 16. Qc6 Rxb2 17. Qc1 Rb6 18. Nc3 Nxc3 19. Qxc3 Ra6 20. Rac1 Qg5 21. Qxc7 Qd2 22. Rcd1 Qxa2 23. f4 Rf8 24. f5 Bc8 25. Rc1 Ra8 26. Qc6 Ba6 27. Qe6+ Rf7 28. Qxf7+ Kh8 29. Ng6+ hxg6 30. Rf3 Be2 31. Rh3+ Bh5 32. Qxg6 Qe2 33. Rxh5+ Kg8 34. Qe6+ Qxe6 35. fxe6 a4 36. Ra1 Rb8 37. Rxd5 a3 38. e7 Re8 39. Rd8 Kf7 40. Rxe8 Kxe8 41. Rxa3 g5 42. Ra7 g4 43. h4 gxh3 44. gxh3 Kf7 45. h4 Ke8 46. h5 Kf7 47. h6 Ke8 48. h7 Kf7 49. e8Q+ Kf6 50. h8Q+ Kf5 51. Rf7+ Kg6 52. Qeg8# 1-0

[Event "NED-ch U11"]
[Site "Waalwijk"]
[Date "2012.04.06"]
[Round "3"]
[White "Steunenberg, Renso"]
[Black "Van Foreest, Pieter"]
[Result "0-1"]
[WhiteElo "1435"]
[BlackElo "1147"]
[PlyCount "76"]
[EventDate "2012.04.06"]
[EventType "swiss"]
[EventRounds "9"]
[EventCountry "NED"]
[SourceTitle "EXT 2013"]
[Source "ChessBase"]
[SourceDate "2012.11.22"]
[SourceVersion "1"]
[SourceVersionDate "2012.11.22"]
[SourceQuality "1"]

1. e4 e5 2. d4 exd4 3. c3 d5 4. exd5 Qxd5 5. cxd4 Be6 6. Nf3 Bb4+ 7. Nc3 Bxc3+ 8. bxc3 Nf6 9. Ba3 Nc6 10. Be2 Qa5 11. Bb2 0-0 12. 0-0 b5 13. Qd3 Bc4 14. Qc2 Bxe2 15. Qxe2 b4 16. cxb4 Qxb4 17. a4 Rfe8 18. Qc2 Qd6 19. Ba3 Nxd4 20. Nxd4 Qxd4 21. Qxc7 Qxa4 22. Bb2 Qh4 23. Bxf6 Qxf6 24. Rxa7 Rxa7 25. Qxa7 Qe6 26. h3 Re7 27. Rb1 f6 28. Qa8+ Re8 29. Qa7 Re7 30. Rb8+ Kf7 31. Qa8 Qe1+ 32. Kh2 Qxf2 33. Qd5+ Kg6 34. Qd3+ Qf5 35. Qg3+ Qg5 36. Qd3+ Kh6 37. Rh8 Qf4+ 38. Kh1 Re1+ 0-1

[Event "NED-ch U11"]
[Site "Waalwijk"]
[Date "2012.04.06"]
[Round "4"]
[White "Van Foreest, Pieter"]
[Black "Hilwerda, Jonas"]
[Result "1-0"]
[WhiteElo "1147"]
[BlackElo "1245"]
[PlyCount "103"]
[EventDate "2012.04.06"]
[EventType "swiss"]
[EventRounds "9"]
[EventCountry "NED"]
[SourceTitle "EXT 2013"]
[Source "ChessBase"]
[SourceDate "2012.11.22"]
[SourceVersion "1"]
[SourceVersionDate "2012.11.22"]
[SourceQuality "1"]

1. e4 e5 2. Nf3 Nc6 3. Bc4 Nf6 4. d3 d6 5. h3 h6 6. Be3 Be7 7. Nc3 0-0 8. 0-0 Na5 9. Bb3 Nxb3 10. axb3 Re8 11. Qe2 c5 12. Rfd1 Bd7 13. Nd2 b5 14. f4 b4 15. Nd5 Nxd5 16. exd5 Bf6 17. fxe5 Bxe5 18. Nc4 Qe7 19. Nxe5 Qxe5 20. Re1 Qxd5 21. Qd2 Bc6 22. Qf2 Re7 23. Re2 Re6 24. Rd1 Rae8 25. Rde1 Rf6 26. Qg3 Rg6 27. Qf2 Rxe3 28. Qxe3 Rxg2+ 29. Kf1 Rxe2 30. Kxe2 Bb5 31. Kd2 a5 32. Qe7 Qg2+ 33. Re2 Qxh3 34. Qxd6 Qh5 35. Qb8+ Kh7 36. Qxb5 Qg5+ 37. Kd1 Qg1+ 38. Re1 Qg4+ 39. Kc1 Qg5+ 40. Kb1 h5 41. Qc4 h4 42. Rh1 Kg8 43. Qxh4 Qxh4 44. Rxh4 g5 45. Rg4 f6 46. Kc1 Kg7 47. Kd2 Kg6 48. Rg1 f5 49. Ke3 Kf6 50. c3 g4 51. Kf4 Kg6 52. Rh1 1-0